00217nam a2200097Ia 4500008004100000100000900041245003600050260000900086942000700095999001700102190216s9999||||xx |||||||||||||| ||und|| aNull 0aHindi-Gand Shathi Athma Anyayem bNull cBK c17397d17397